LEADER 00892cam0 22002413 450 001 SOB0000001463 005 20230726095709.0 100 $a20010207d1849 |||||ita|0103 ba 101 $aita 102 $aIT 200 1 $aPer la soppressione del giornale La Stampa$eRicorso avverso la Decisione della Gran Corte Criminale di Napoli 210 $aNapoli$cBorel e Bemporad$d1849 215 $a46 p.$d29 cm 700 1$aMancini$b, Pasquale Stanislao$3AF00004597$4070$0446854 801 0$aIT$bUNISOB$c20230726$gRICA 850 $aUNISOB 852 $aUNISOB$j340|Coll|5|K$m53282 912 $aSOB0000001463 940 $aM 102 Monografia moderna SBN 941 $aM 957 $a340|Coll|5|K$b000035$gSI$d53282$rACQUISTO$1Alfano$2UNISOB$3UNISOB$420230704101631.0$520230726095656.0$6Alfano$fFotocopia dell'originale 996 $aPer la soppressione del giornale La Stampa$91678722 997 $aUNISOB